MDQL
is popping MORE tags! Check the
thread
!
Quizzes
Events
Quiz Creation
Community
Videos
Private Events
Remove Ads
Sign In
Join for FREE
Feedback
Dark Mode
Quiz Categories
Sports
Geography
Music
Movies
Television
Just For Fun
Miscellaneous
History
Literature
Language
Science
Gaming
Entertainment
Religion
Holiday
For Kids
Quiz Lab
Recent
Popular Today
Quiz Kudos Today
Editor Picks
Curator Picks
Quizzes by...
Day
Popularity
Type
Ratings
Length
Year
Community
Subscriptions
Recent Discussions
Orange Saloon
Badges
Playlists
Quests
Create
Leaderboards
Showdown
Live 5
Trivia Bingo
Activity
Puzzle Library
Sporcle Events
Private Events
Virtual Trivia
Globe League
Become a Host
Pub Owners
SporcleCon
Opinionation
Our Games
Videos
Blog
Mobile Apps
Partnerships
Remove Ads and Go Orange
Feedback
Science
Computer
Plants
Astronomy
Chemistry
Elements
Math
Animal
Physics
Anatomy
Biology
Geology
General Science
Science
Computer
Plants
Astronomy
Chemistry
Elements
Math
Animal
Physics
Anatomy
Biology
Geology
General Science
Random Quiz
Search Sporcle
×
Quiz Lab
Quiz Lab
Science
Wave
Type in answers that appear in a list
Type in answers that appear in a list
Classic
Best Score? Go Orange.
Physics Part 1 - Sun and Waves Stats
Can you name the Physics Part 1 - Sun, Waves, and EM spectrum?
By
Mrniemis
20m
23 Questions
744 Plays
744 Plays
744 Plays
Comments
Comments
Give Quiz Kudos
Give Quiz Kudos
-
- Ratings
hide this ad
Forced Order
Answers have to be entered in order
Answers have to be entered in order
Random Order
Randomize order of answers
Randomize order of answers
Replay
Link that replays current quiz
Next Quiz
Link to next quiz in quiz playlist
You Got
0%
They Got
Avg Score
78%
Avg Friend Score
Upgrade to see
Score Distribution
Jump to the score distribution portion of the page
Score
0/23
Timer
20:00
0
Plays Today
Questions
% Correct
The top of a wave is the_
_
_
_
_
_
_
_
Crest
86%
The bottom of a wave is the _
_
_
_
_
_
_
_
Trough
85.8%
20% of sun's rays are _
_
_
_
_
_
_
_
_
_
_
_
by clouds
Absorbed
83.9%
50% of sun's rays are _
_
_
_
_
_
_
_
_
_
_
_
by the ground
Absorbed
83.9%
The sun is repsonsible for wind power because it makes wind. It makes the _
_
_
_
_
_
_
_
air rise and _
_
_
_
_
_
air sink
Hot cold
83.2%
The distance from crest to crest is the _
_
_
_
_
_
_
_
_
_
_
Wavelength
82.9%
Frequency is measured in the unit _
_
_
_
_
_
_
Hertz
82.8%
The sun provides you your energy to move around because it originally gave it's energy to _
_
_
_
_
_
_
, which eventually give it's energy to you
Plants
82.3%
As frequency increases the _
_
_
_
_
_
_
_
_
decreases
Wavelength
82.1%
Waves carry _
_
_
_
_
_
_
from place to place
Energy
81.6%
The distance from crest to rest is the _
_
_
_
_
_
_
Amplitude
81.3%
25% of sun's rays are _
_
_
_
_
_
_
_
_
_
_
_
by clouds
Scattered
79.4%
Questions
% Correct
The number of waves per second is the _
_
_
_
_
_
_
of the wave
Frequency
78.1%
5% of sun's rays are _
_
_
_
_
_
_
_
_
_
_
_
by the ground
Scattered
77.3%
_
_
_
_
_
_
_
_
_
_
is direct heat from the sun
Radiation
77%
_
_
_
_
_
_
_
_
_
_
is hot air rises and cool air sinking
Convection
76.7%
The sun provides energy for _
_
_
_
_
_
_
_
energy because it starts movement of the water cycles
Hydro
75.7%
Another way to find amplitude is the measure from crest and trough and _
_
_
_
_
_
_
_
_
_
_
_
_
Divide by 2
75.4%
_
_
_
_
_
_
_
_
_
_
_
_
_
_
_
_
get energy from the sun in form of very old plants and anaimals that got their energy from the sun
Fossil Fuels
72.7%
_
_
_
_
_
_
_
_
_
_
is direct heat from the ground after being heated by the sun
Conduction
72.6%
A small section of a wave is called a wave_
_
_
_
_
_
_
Train
71.6%
Shape of waves that energy moves in right angle to wave direction
Transverse
71.5%
Shape of waves that energy moves parallel to wave direction
Longitudinal
65.3%
Quiz Playlist
Details
Report
Send in Message
Add To Playlist
Classic:
Type in answers that appear in a list
Forced Order:
Answers have to be entered in order
Random Order:
Randomize order of answers
Last Updated: Feb 16, 2017
Quiz Scoreboard
CHALLENGE
Sign Up to Join the Scoreboard
Show All
Scores
Hide
Comments
May contain spoilers
Recently Published
Find the 'City' Movie
by crazypaving
Movies
60s
5x2 Blitz: Bands
by SL_Kpop136
Music
30s
Colored Red Africa Blitz
by spor1
Geography
30s
More to Explore
Quiz From the Vault
Featured Blog Post
14 Easter Pick-up Lines to Find Eggs With
hide this ad
You Might Also Like...
Tags
spectrum
sun
Wave
Today's Top Quizzes in Science
Browse Science
hide this ad
Today's Top Quizzes in Wave
Browse Wave
Top Contributed Quizzes in Science
1
Glycolysis
2
Square Numbers Scrambled (1-50)
3
Astronomy Spelling Bee
4
Vet Tech Pharmacology Drug Contraindications
5
Missing Vowel Minefield: Lanthanides
6
Sorting Squares: Animals by Continent
7
'C' Flowers II
8
Criteria Quiz: The Solar System
9
Quick Pick: Radians
10
Elements In Images
Explore More
Trending Topics
Kpop
NBA
Anime
Disney
Harry Potter
Marvel
Crossword
WWE
The Office
Song
Puzzle
NFL
Soccer
Pokémon
Country
hide this ad
More By:
Mrniemis
Quiz
Plays
Rating
Category
Featured
Created
Word Ladder: Speaking
92,503
3.65
Just For Fun
May 4, 2010
Photosynthesis For Escape Room
45,013
3.00
Science
Jan 13, 2021
Winter Holiday Jokes for Breakout
35,816
2.74
Holiday
Dec 3, 2018
Cell Parts Speed Challenge for Breakout Box
24,806
Science
Jan 18, 2021
Human Body Parts Breakout box
15,619
1.63
Science
Jan 24, 2018
Go to Creator's Profile
Score Distribution
Quiz Creator Spotlight
Mrniemis
Follow
Send a Message
Quizzes Created
-
Created Quiz Play Count
-
More By This Creator
Popular Quizzes Today
1
Colored Red Africa Blitz
2
Find the 'City' Movie
3
Find the US States - No Outlines Minefield
4
5x2 Blitz: Bands
5
The Countries of the World
6
Find the US States
7
US States
8
9x9 Crossword: Cartoon Network
More Science Quizzes
Click the Types of Triangles
Published
Trending Quizzes
Colored Red Europe Blitz I
Colored Red Europe Blitz II
Colored Red Africa Blitz II
Colored Red Europe Blitz III
Colored Red Africa Blitz III
Recently Updated
How Do You Spell That?
pecheneg
Godzilla Movies
pecheneg
Grab Bag: 4-10 Letters
pecheneg
2024 March Madness Bracket
pecheneg
Famous TV Couples
Peacemaker
Champions League XIs: Real Madrid
pecheneg
Largest US Cities 1790-2010
pecheneg
Rides in Walt Disney World
pecheneg
Most Oscar Losses (Acting)
pecheneg
Beyoncé Albums
pecheneg
Trending Topics
Marvel
Harry Potter
Anime
Kpop
NBA
Disney
Crossword
Soccer
NFL
Puzzle
The Office
WWE
Song
Country
Pokémon
Your Account Isn't Verified!
In order to create a playlist on Sporcle, you need to verify the email address you used during registration. Go to your
Sporcle Settings
to finish the process.
Report this User
Report this user for behavior that violates our
Community Guidelines
.
Details:
Send Report
Go to the Sporcle.com Mobile Site →
Comments